[Event "ARG-ch sf 98th"]
[Site "Buenos Aires"]
[Date "2023.05.04"]
[Round "6"]
[White "Quiroga, Facundo"]
[Black "Barloa, Enzo"]
[Result "1/2-1/2"]
[WhiteElo "2272"]
[BlackElo "1896"]
[PlyCount "54"]
[EventDate "2023.04.29"]
[EventType "swiss"]
[EventRounds "9"]
[EventCountry "ARG"]
[SourceTitle "CBM 214 Extra"]
[Source "ChessBase"]
[SourceDate "2023.07.31"]
[SourceVersion "1"]
[SourceVersionDate "2023.07.31"]
[SourceQuality "1"]

1. d4 d5 2. c4 e6 3. Nc3 Nf6 4. Bg5 Be7 5. e3 0-0 6. Nf3 h6 7. Bh4 b6 8. Bxf6 Bxf6 9. cxd5 exd5 10. Be2 Be6 11. 0-0 c5 12. Rc1 Nd7 13. dxc5 Nxc5 14. Nd4 Bc8 15. Rc2 Bb7 16. Rd2 Ne6 17. Nb3 Bxc3 18. bxc3 Qf6 19. Bf3 Qxc3 20. Bxd5 Bxd5 21. Rxd5 Rfd8 22. Rxd8+ Rxd8 23. Qc1 Qd3 24. h3 a5 25. Qc6 Rd6 26. Qe8+ Kh7 27. Qxf7 Ng5 1/2-1/2

[Event "San Luis Betania op 3rd"]
[Site "San Luis"]
[Date "2019.02.02"]
[Round "3"]
[White "De Cara, Juan Antonio"]
[Black "Barloa, Enzo"]
[Result "1-0"]
[WhiteElo "2103"]
[BlackElo "1735"]
[PlyCount "51"]
[EventDate "2019.02.01"]
[EventType "swiss"]
[EventRounds "6"]
[EventCountry "ARG"]
[SourceTitle "EXT 2020"]
[Source "ChessBase"]
[SourceDate "2019.10.17"]
[SourceVersion "1"]
[SourceVersionDate "2019.10.17"]
[SourceQuality "1"]

1. d4 Nf6 2. Bg5 Ne4 3. Bf4 d5 4. e3 e6 5. Nd2 Nxd2 6. Qxd2 Bd6 7. Nf3 Bxf4 8. exf4 0-0 9. Bd3 f6 10. 0-0-0 Nd7 11. Rhe1 Nb6 12. Kb1 Bd7 13. g3 Rc8 14. Qb4 c5 15. dxc5 Na4 16. c6 Bxc6 17. Rxe6 a5 18. Qd4 Qd7 19. Rde1 Bb5 20. Re7 Qc6 21. R1e6 Qc5 22. Qxc5 Rxc5 23. Nd4 Bxd3 24. cxd3 Rcc8 25. Nf5 g6 26. Rg7+ 1-0